Darts Premier League 2025 - Statistiken

Allgemein
  • Dieses Quiz wurde 621 mal gespielt
  • Das Durchschnittsergebnis liegt bei 7 aus 8
Antwortstatistiken
Nationalität Spieler % Korrekt
England Luke Littler
99%
Niederlande Michael van Gerwen
99%
England Luke Humphries
97%
Wales Gerwyn Price
96%
England Stephen Bunting
93%
England Nathan Aspinall
89%
England Rob Cross
85%
England Chris Dobey
83%
Keine übereinstimmenden Quizze gefunden
Verteilung der Resultate
Anzahl Personen mit jedem Resultat
Perzentil nach korrekt beantworteten Fragen
Ihre Resultats-Entwicklung
Sie haben dieses Quiz noch nicht gespielt